<?xml version="1.0" encoding="UTF-8"?>
<record
    xmlns:xsi="http://www.w3.org/2001/XMLSchema-instance"
    xsi:schemaLocation="http://www.loc.gov/MARC21/slim http://www.loc.gov/standards/marcxml/schema/MARC21slim.xsd"
    xmlns="http://www.loc.gov/MARC21/slim">

  <leader>00862nam a22002297a 4500</leader>
  <controlfield tag="003">BR-ViAPE</controlfield>
  <controlfield tag="005">20260514123029.0</controlfield>
  <controlfield tag="008">260514s2016    porbco|gs|||| 001 0 por d</controlfield>
  <datafield tag="020" ind1=" " ind2=" ">
    <subfield code="q">978-85-98928-21-0</subfield>
  </datafield>
  <datafield tag="040" ind1=" " ind2=" ">
    <subfield code="c">BR-ViAPE</subfield>
  </datafield>
  <datafield tag="100" ind1=" " ind2=" ">
    <subfield code="a">R&#xF6;lke, Helmar</subfield>
  </datafield>
  <datafield tag="245" ind1=" " ind2=" ">
    <subfield code="a">Ra&#xED;zes da imigra&#xE7;&#xE3;o alem&#xE3;</subfield>
  </datafield>
  <datafield tag="300" ind1=" " ind2=" ">
    <subfield code="a">624 p.</subfield>
    <subfield code="b">il.</subfield>
  </datafield>
  <datafield tag="300" ind1=" " ind2=" ">
    <subfield code="b">Livro dispon&#xED;vel em PDF</subfield>
  </datafield>
  <datafield tag="490" ind1=" " ind2=" ">
    <subfield code="a">Cole&#xE7;&#xE3;o Cana&#xE3;</subfield>
    <subfield code="v">v. 23</subfield>
  </datafield>
  <datafield tag="500" ind1=" " ind2=" ">
    <subfield code="a">Obra disponibilizada em PDF por integrar a Cole&#xE7;&#xE3;o Cana&#xE3; do APEES.</subfield>
  </datafield>
  <datafield tag="650" ind1=" " ind2=" ">
    <subfield code="a">Imigra&#xE7;&#xE3;o</subfield>
    <subfield code="x">Alem&#xE3;</subfield>
    <subfield code="x">Hist&#xF3;ria</subfield>
    <subfield code="z">Esp&#xED;rito Santo (Brasil)</subfield>
  </datafield>
  <datafield tag="651" ind1=" " ind2=" ">
    <subfield code="a">Esp&#xED;rito Santo (Brasil)</subfield>
  </datafield>
  <datafield tag="710" ind1=" " ind2=" ">
    <subfield code="a">Arquivo P&#xFA;blico do Estado do Esp&#xED;rito Santo</subfield>
  </datafield>
  <datafield tag="856" ind1=" " ind2=" ">
    <subfield code="u">https://ape.es.gov.br/Media/ape/PDF/Livros/APEES_23_Ra%C3%ADzes_da_Imigra%C3%A7%C3%A3o_Alem%C3%A3_Helmar_R%C3%B6lke.pdf</subfield>
    <subfield code="y">CLIQUE AQUI PARA ACESSAR O DOCUMENTO</subfield>
  </datafield>
  <datafield tag="942" ind1=" " ind2=" ">
    <subfield code="2">ddc</subfield>
    <subfield code="c">BK</subfield>
    <subfield code="n">1</subfield>
  </datafield>
  <datafield tag="999" ind1=" " ind2=" ">
    <subfield code="c">669</subfield>
    <subfield code="d">669</subfield>
  </datafield>
  <datafield tag="952" ind1=" " ind2=" ">
    <subfield code="0">0</subfield>
    <subfield code="2">ddc</subfield>
    <subfield code="4">0</subfield>
    <subfield code="7">0</subfield>
    <subfield code="a">BIB.APEES</subfield>
    <subfield code="b">BIB.APEES</subfield>
    <subfield code="d">2026-05-14</subfield>
    <subfield code="l">0</subfield>
    <subfield code="r">2026-05-14 12:30:33</subfield>
    <subfield code="w">2026-05-14</subfield>
    <subfield code="y">BK</subfield>
  </datafield>
</record>
